Sports Quiz

Random Sports Quiz

Stadiums with Corporate Sponsorships Quiz Stats

 Plays Quiz not verified by Sporcle

Challenge
Share
Tweet
Embed
Score 0/76 Timer 10:00
0 Plays Today
Team Stadium % Correct
Los Angeles Kings & Los Angeles Clippers & Los Angeles LakersStaples Center
71%
New York MetsCiti Field
57.5%
Miami HeatAmerican Airlines Arena
56.4%
New England PatriotsGillette Stadium
48.3%
Pittsburgh SteelersHeinz Field
47.5%
Detroit LionsFord Field
46.7%
Chicago Blackhawks & Chicago BullsUnited Center
43.2%
Indianapolis ColtsLucas Oil Stadium
42.9%
Colorado Avalanche & Denver NuggetsPepsi Center
41.3%
New Jersey NetsIzod Center
40.2%
Boston Bruins & Boston CelticsTD Garden
39%
Washington Capitals & Washington WizardsVerizon Center
38.6%
Carolina PanthersBank of America Stadium
37.8%
Tampa Bay RaysTropicana Field
37.1%
Dallas Stars & Dallas MavericksAmerican Airlines Center
34.4%
Pittsburgh PiratesPNC Park
34%
Washington RedskinsFedEx Field
34%
Colorado RockiesCoors Field
33.6%
Houston AstrosMinute Maid Park
33.6%
New Jersey DevilsPrudential Center
32.4%
Detroit TigersComerica Park
31.3%
Arizona DiamondbacksChase Field
30.1%
San Diego PadresPETCO Park
30.1%
San Francisco GiantsAT&T Park
29.7%
St. Louis CardinalsBusch Stadium
29.3%
Milwaukee BrewersMiller Park
28.6%
San Antonio SpursAT&T Center
28.2%
Houston RocketsToyota Center
26.6%
Cincinnati RedsGreat American Ballpark
26.3%
Chicago White SoxU.S. Cellular Field
26.3%
Seattle MarinersSafeco Field
26.3%
Minnesota TimberwolvesTarget Center
26.3%
Philadelphia EaglesLincoln Financial Field
26.3%
San Diego ChargersQualcomm Stadium
25.9%
Philadelphia PhilliesCitizens Bank Park
25.5%
Golden State WarriorsOracle Arena
25.5%
St. Louis RamsEdward Jones Dome
25.5%
Toronto Blue JaysRogers Centre
25.1%
Team Stadium % Correct
Toronto Maple Leafs & Toronto RaptorsAir Canada Centre
23.9%
Minnesota TwinsTarget Field
23.6%
Cleveland CavaliersQuicken Loans Arena
23.2%
Houston TexansReliant Stadium
23.2%
Orlando MagicAmway Arena
22.8%
Arizona CardinalsUniversity of Phoenix Stadium
22.8%
Montreal CanadiensBell Centre
22.4%
Baltimore RavensM&T Bank Stadium
22%
Cleveland IndiansProgressive Field
21.2%
New York IslandersNassau Veterans Memorial Coliseum
21.2%
Memphis GrizzliesFedEx Forum
20.8%
Tennessee TitansLP Field
20.1%
Tampa Bay BuccaneersRaymond James Stadium
18.9%
Phoenix SunsUS Airways Center
18.1%
Carolina HurricanesRBC Center
17.8%
Philadelphia Flyers & Philadelphia 76ersWachovia Center
17.4%
Indiana PacersConseco Fieldhouse
16.6%
Atlanta Thrashers & Atlanta HawksPhilips Arena
15.4%
Denver BroncosINVESCO Field at Mile High
15.4%
Charlotte BobcatsTime Warner Cable Arena
14.3%
Oklahoma City ThunderFord Center
13.9%
Anaheim DucksHonda Center
13.9%
Seattle SeahawksQwest Field
12.7%
Sacramento KingsARCO Arena
12%
Buffalo SabresHSBC Arena
11.6%
Pittsburgh PenguinsMellon Arena
11.2%
Edmonton OilersRexall Place
11.2%
Utah JazzEnergy Solutions Arena
10.8%
Minnesota WildXcel Energy Center
10.8%
Vancouver CanucksGeneral Motors Place
10.8%
Phoenix CoyotesJobing.com Arena
10.4%
Columbus Blue JacketsNationwide Arena
10%
St. Louis BluesScottrade Center
8.1%
Ottawa SenatorsScotiabank Place
6.2%
Tampa Bay LightningSt. Pete Times Forum
6.2%
Nashville PredatorsSommet Center
3.9%
Florida PanthersBankAtlantic Center
3.5%
San Jose SharksHP Pavilion at San Jose
2.3%

You're not logged in!

Compare scores with friends on all Sporcle quizzes.
Join for Free
OR
Log In

You Might Also Like...

Show Comments

Extras

Top Quizzes Today


Score Distribution

Your Account Isn't Verified!

In order to create a playlist on Sporcle, you need to verify the email address you used during registration. Go to your Sporcle Settings to finish the process.

Report this User

Report this user for behavior that violates our Community Guidelines.

Details: